Szczegóły MARC21

Deutsche Gedichte seit 1960 : eine Anthologie /

003 -Nazwa inst., której nr kontr. jest w polu 001 [,]
    • @
    • Nazwa instytucji, której n kontrolny jest w polu 001
    • NUKAT
005 -DATA I CZAS OSTATNIEJ MODYFIKACJI [,]
    • @
    • pole kontrolne
    • 20251020092713.0
020 -Międzynarod. znormalizowany nr książki - ISBN [ , ]
    • a
    • Numer ISBN
    • 3150094011 Find
    • q
    • Dopowiedzenie
    • (oprawa miękka)
020 -Międzynarod. znormalizowany nr książki - ISBN [ , ]
    • z
    • Błędny ISBN (P)
    • 315009402X Find
    • q
    • Dopowiedzenie
    • (engl. Brosch.)
040 -Instytucja sporządzająca opis [ , ]
    • a
    • Instytucja, która sporządziła opis (NP)
    • WA U/70AO
    • b
    • Język katalogowania
    • pol
    • e
    • Zasady katalogowania
    • rda
    • c
    • Instytucja, która sporządziła rekord (NP)
    • WA U/AO
    • d
    • Instytucja, która zmodyfikowała rekord (P)
    • WA U/AO
    • d
    • Instytucja, która zmodyfikowała rekord (P)
    • KAT U/KWs
942 -Rodzaj dokumentu [ , ]
    • c
    • Rodzaj dokumentu
    • Książka
245 -Strefa tytułu i oznaczenia odpowiedzialności [0,0]
    • a
    • Tytuł
    • Deutsche Gedichte seit 1960 : Find
    • b
    • Ciąg dalszy tytułu (NP)
    • eine Anthologie / Find
    • c
    • Pozostałe elementy strefy tytułu i oznaczenia odpowiedzialności (NP)
    • gesammelt und eingel. von Heinz Piontek.
260 -Strefa adresu wydawniczego [ , ]
    • a
    • Miejsce wydania (P)
    • Stuttgart :
    • b
    • Nazwa wydawcy (P)
    • Philipp Reclam jun.,
    • c
    • Data wydania (P)
    • 1972.
300 -Strefa opisu fizycznego [ , ]
    • a
    • Określenie formy książki i/lub objętość (NP)
    • 294 strony ;
    • c
    • Format (NP)
    • 19 cm.
336 -Typ zawartości [ , ]
    • a
    • Termin opisujący typ zawartości
    • Tekst
    • b
    • Kod określający zawartość
    • txt
    • 2
    • Źródło (terminu i kodu)
    • rdacontent
337 -Typ mediów [ , ]
    • a
    • Tryb odtwarzania
    • Bez urządzenia pośredniczącego
    • b
    • Kod typu mediów
    • n
    • 2
    • Źródło (terminu i kodu)
    • rdamedia
338 -Typ/rodzaj nośnika [ , ]
    • a
    • Hasło opisujące typ nośnika
    • Wolumin
    • b
    • Kod typu nośnika
    • nc
    • 2
    • Źródło (terminu i kodu)
    • rdacarrier
380 -Deskryptor - Forma dzieła (P) [ , ]
    • a
    • forma dzieła (NP)
    • Książki
380 -Deskryptor - Forma dzieła (P) [ , ]
    • a
    • forma dzieła (NP)
    • Poezja
386 -Deskryptor - przynależność kulturowa (P) [ , ]
    • m
    • Wyrażenie wprowadzające (NP)
    • Przynależność kulturowa
    • a
    • Przynależność kulturowa (NP)
    • Literatura niemiecka
388 -Deskryptor - czas powstania dzieła (P) [1, ]
    • a
    • Czas powstania dzieła (NP)
    • 1901-2000
388 -Deskryptor - czas powstania dzieła (P) [1, ]
    • a
    • Czas powstania dzieła (NP)
    • 1945-1989
490 -Strefa serii i książki wielotomowej - forma nie do wyszukiwania [1, ]
    • a
    • Tytuł (P)
    • Universal-Bibliothek ; Find
    • v
    • Numeracja (P)
    • Nr. 9401-04
830 -Hasło dodatkowe serii i opisu książki wielotomowej - tytuł ujednolicony/tytuł [ ,0]
    • a
    • Tytuł ujednolicony/tytuł (NP)
    • Reclams Universal-Bibliothek
    • x
    • ISSN
    • 0722-8511
    • v
    • Oznaczenie tomu (NP)
    • Nr. 9401-04
    • 9
    • KHW
    • 12680
655 -Hasło w funkcji tematu formalnego [ ,7]
    • a
    • Hasło
    • Poezja niemiecka
    • y
    • Określnik chronologiczny
    • 1945-1990
    • v
    • Określnik formy
    • antologie.
    • 2
    • Źródło terminu
    • kaba
    • 9
    • KHW
    • 392764
655 -Hasło w funkcji tematu formalnego [ ,7]
    • a
    • Hasło
    • Wiersze
    • 2
    • Źródło terminu
    • DBN
    • 9
    • KHW
    • 721208
655 -Hasło w funkcji tematu formalnego [ ,7]
    • a
    • Hasło
    • Antologia
    • 2
    • Źródło terminu
    • DBN
    • 9
    • KHW
    • 721472
700 -Hasło dodatkowe - nazwa osobowa [1, ]
    • a
    • Nazwa osobowa (NP)
    • Piontek, Heinz Find
    • d
    • Daty biograficzne (NP)
    • (1925-2003).
    • e
    • Określenie rodzaju współpracy
    • Wybór
    • 9
    • KHW
    • 248118
710 -Hasło dodatkowe - nazwa ciała zbiorowego [2, ]
    • a
    • Nazwa ciała zbiorowego lub nazwa geograficzna jako pierwszy element (NP)
    • Philipp Reclam junior (Stuttgart).
    • e
    • Rodzaj współpracy
    • Wydawca
    • 4
    • Kod relacji
    • pbl
    • 9
    • KHW
    • 51247
920 -ISBN [ , ]
    • a
    • ISBN
    • 3-15-009401-1 (oprawa miękka) Find
920 -ISBN [ , ]
    • z
    • Błędny ISBN
    • 3-15-009402-X (engl. Brosch.) Find
Lokalizacja Status udost. Numer inwentarzowy Sygnatura
BM-3G.8098Germ. Antologie – poezja 30